| 000 | 00891nam a2200265Ia 4500 | ||
|---|---|---|---|
| 003 | OSt | ||
| 005 | 20221005105051.0 | ||
| 006 | a|||||r|||| 00| 0 | ||
| 007 | ta | ||
| 008 | 221004b |||||||| |||| 00| 0 hin d | ||
| 020 | _cINR 100.00 | ||
| 024 | _a37318 | ||
| 037 |
_b1518, 21/02/2018, Bookwell _cTextual |
||
| 040 |
_aCRL _cCRL _bhin |
||
| 041 |
_2hin _ahin |
||
| 082 | _aJ1, 152N3 | ||
| 100 | _aकीर्ति सिंह, संपा. | ||
| 245 | 0 | _aबागबानी | |
| 246 | _aBāgabānī | ||
| 260 |
_aदिल्ली _bहिंदी माध्यम कार्यान्वय निदेशालय भारत _c1993 |
||
| 300 |
_a549पृ0 _ccm. |
||
| 650 | _aबागवानी | ||
| 942 |
_hJ1, 152N3 _cTEXL _2cc |
||
| 999 |
_c1014657 _d1014657 |
||